000 00355nam a2200145Ia 4500
008 150201s2006 xx 000 0 und d
082 _a612.015
_bB2006U
100 _aSATYANARYANA,U.
245 _aBIOCHEMISTRY
250 _a3RD
260 _bBOOKS & ALLIED PUBLICATION
_aKOLKATA
_c2006
300 _a1-792
650 _aBIOCHEMISTRY
942 _2ddc
_cBK
_07
999 _c4504
_d4504